Loading...
Vijayam
| Hovedforfatter: | |
|---|---|
| Format: | Printed Book |
| Sprog: | Malayalam |
| Udgivet: |
Nil
Nil
1948
|
| LEADER | 00403nam a2200121Ia 4500 | ||
|---|---|---|---|
| 008 | 111205s9999 xx 000 0 mal d | ||
| 100 | |a Paremeswaran pilla.N. | ||
| 245 | |a Vijayam |c Paremeswaran pilla.N. | ||
| 260 | |b Nil |a Nil |c 1948 | ||
| 300 | |a 100 | ||
| 942 | |c BK | ||
| 999 | |c 217748 |d 217748 | ||
| 952 | |0 0 |1 0 |4 0 |6 S_6R4 |7 0 |9 240654 |a MAL |b MAL |c SEC |d 1999-09-18 |g 0.00 |j 127 |l 0 |o S6R4 |p MAL8672 |r 2015-04-13 |v 0.00 |w 2015-04-13 |y BK |k 1.00 | ||